| 000 | 01271cam a2200397 a 4500 | ||
|---|---|---|---|
| 001 | 22810 | ||
| 003 | SK-KTurca | ||
| 005 | 20260428143901.0 | ||
| 008 | 240315s2015 xo j 000 f slo | ||
| 015 | _aSNBA2015/05 | ||
| 020 |
_a9788055613222 _q(viaz.) |
||
| 035 | _a9A609A59-A9CE-4D97-80FF-BDCC598389FC | ||
| 035 | _aurn:nbn:sk:snk-amkqhd | ||
| 035 | _aurn:nbn:sk:snk-am005bkm | ||
| 040 |
_aPPPK _bslo _cPPPK _dSNK _eAACR2 |
||
| 041 | 0 | _aslo | |
| 044 |
_axo _cSK |
||
| 072 | 7 |
_a821.162.4-3 _xSlovenská próza _2konspekt |
|
| 072 | 7 |
_a821-93 _xLiteratúra pre deti a mládež (beletria) _2konspekt |
|
| 080 |
_a821.162.4-31 _22001 |
||
| 080 |
_a821-93 _22001 |
||
| 080 |
_a(0:82-311.9) _22001 |
||
| 100 | 1 |
_aVaráčková, Miroslava, _d1981- _4aut |
|
| 245 | 1 | 0 |
_aAdaptácia _cMiroslava Varáčková |
| 250 | _a1. slov. vyd. | ||
| 260 |
_aBratislava _bSlovart _c2015 |
||
| 300 |
_a262 s. _c22 cm |
||
| 655 | 7 |
_aslovenské romány _2SNKPH |
|
| 655 | 7 |
_avedecko-fantastické romány _2SNKPH |
|
| 655 | 7 |
_apublikácie pre mládež _2SNKPH |
|
| 655 | 7 |
_aSlovak fiction _2SNKPHeng |
|
| 655 | 7 |
_aScience fiction novels _2SNKPHeng |
|
| 655 | 7 |
_aJuvenile literature _2SNKPHeng |
|
| 942 |
_2ddc _cKLDO _n0 |
||
| 999 |
_c22810 _d22810 |
||